[Event "Tata Steel Masters 2019"]
[Site "Wijk aan Zee NED"]
[Date "2019.01.18"]
[Round "6"]
[White "Duda, J."]
[Black "Giri, A."]
[Result "0-1"]
[WhiteElo "2738"]
[BlackElo "2783"]
[PlyCount "88"]
[EventDate "2019.01.11"]

1. e4 e5 2. Nf3 Nc6 3. g3 Nf6 4. d3 g6 5. Bg2 Bg7 6. c4 d6 7. h3 O-O 8. Nc3 Nd7
9. Bg5 f6 10. Be3 f5 11. exf5 gxf5 12. Qd2 Nc5 13. O-O Ne6 14. Nd5 f4 15. gxf4
Ncd4 16. Bxd4 exd4 17. Qa5 b6 18. Qe1 c6 19. Ng5 Re8 20. Qd1 Nxg5 21. fxg5 cxd5
22. Bxd5+ Be6 23. Bxa8 Qxa8 24. Qh5 Bf5 25. Rad1 Re5 26. Rd2 Qd8 27. h4 Bh3 28.
Qf3 Bxf1 29. Kxf1 h6 30. gxh6 Bxh6 31. Re2 Qe7 32. Qg4+ Kf7 33. Qf3+ Kg7 34.
Qg4+ Kf7 35. Qf3+ Qf6 36. Qb7+ Kg6 37. Rxe5 dxe5 38. Ke2 Qf4 39. Kf1 Kh5 40. b4
Qc1+ 41. Kg2 Kxh4 42. Qxa7 Qg5+ 43. Kf1 Kh3 44. Qh7 Qh5 0-1

[Event "Tata Steel Masters 2019"]
[Site "Wijk aan Zee NED"]
[Date "2019.01.18"]
[Round "6"]
[White "Ding Liren"]
[Black "Radjabov, T."]
[Result "1/2-1/2"]
[WhiteElo "2813"]
[BlackElo "2757"]
[PlyCount "149"]
[EventDate "2019.01.11"]

1. Nf3 d5 2. g3 Nf6 3. Bg2 e6 4. O-O Be7 5. d4 O-O 6. c4 dxc4 7. Qc2 a6 8. Qxc4
b5 9. Qc2 Bb7 10. Bd2 Be4 11. Qc1 Bb7 12. Rd1 Qc8 13. Ba5 c5 14. dxc5 Bxc5 15.
Nbd2 Nbd7 16. Nb3 Ba7 17. Qf4 Nb6 18. Bxb6 Bxb6 19. Rac1 Qe8 20. Ne5 Bxg2 21.
Kxg2 Rd8 22. Rxd8 Qxd8 23. Qf3 Qd6 24. Nd3 Nd5 25. Nbc5 a5 26. Ne4 Qb8 27. h4
h6 28. b3 b4 29. Rc4 Rd8 30. g4 Ne7 31. g5 Ng6 32. Qg3 Qxg3+ 33. fxg3 Ne7 34.
g4 hxg5 35. Nxg5 Nd5 36. Kf3 Be3 37. Ne4 g6 38. Nf6+ Nxf6 39. Kxe3 Nd5+ 40. Kf3
Kg7 41. g5 Rh8 42. e3 Nb6 43. Rd4 Nd5 44. Ne5 f6 45. Nc4 fxg5 46. hxg5 Rf8+ 47.
Kg4 Rf2 48. e4 Nc3 49. Rd7+ Rf7 50. Rxf7+ Kxf7 51. Nxa5 Nxa2 52. Kf4 Nc1 53.
Ke3 e5 54. Kd2 Na2 55. Kd3 Ke6 56. Nb7 Nc3 57. Nd8+ Kd6 58. Nf7+ Ke6 59. Nd8+
Kd6 60. Nf7+ Ke6 61. Nh8 Nd1 62. Ke2 Nc3+ 63. Kd3 Nd1 64. Nxg6 Nf2+ 65. Ke3 Nh3
66. Nf8+ Ke7 67. Nh7 Kf7 68. Kf3 Kg6 69. Nf8+ Kf7 70. Nd7 Nxg5+ 71. Ke3 Ke6 72.
Nb6 Kd6 73. Nc4+ Ke6 74. Nb2 Kd6 75. Nc4+ 1/2-1/2

[Event "Tata Steel Masters 2019"]
[Site "Wijk aan Zee NED"]
[Date "2019.01.18"]
[Round "6"]
[White "Anand, V."]
[Black "Nepomniachtchi, I."]
[Result "1/2-1/2"]
[WhiteElo "2773"]
[BlackElo "2763"]
[PlyCount "44"]
[EventDate "2019.01.11"]

1. e4 c5 2. Nf3 d6 3. d4 cxd4 4. Nxd4 Nf6 5. Nc3 a6 6. Bg5 e6 7. f4 Nbd7 8. Qe2
h6 9. Bh4 e5 10. fxe5 dxe5 11. Nf5 Nb6 12. Qf3 Bxf5 13. Qxf5 Be7 14. Bd3 Nfd7
15. Bxe7 Qxe7 16. O-O-O O-O 17. Kb1 Nc5 18. Be2 Rad8 19. Qf2 Qc7 20. Qe3 Qc6
21. Rhe1 Rfe8 22. a3 Kf8 1/2-1/2

[Event "Tata Steel Masters 2019"]
[Site "Wijk aan Zee NED"]
[Date "2019.01.18"]
[Round "6"]
[White "Vidit, S."]
[Black "Shankland, S."]
[Result "1/2-1/2"]
[WhiteElo "2695"]
[BlackElo "2725"]
[PlyCount "36"]
[EventDate "2019.01.11"]

1. d4 Nf6 2. c4 g6 3. g3 c6 4. Bg2 d5 5. Qa4 Bg7 6. Nf3 O-O 7. O-O Nbd7 8. cxd5
Nb6 9. Qd1 cxd5 10. b3 Ne4 11. Bb2 Bf5 12. Nc3 Rc8 13. Rc1 Qd7 14. e3 Bg4 15.
Qd3 Bf5 16. Qe2 Bg4 17. Qd3 Bf5 18. Qe2 Bg4 1/2-1/2

[Event "Tata Steel Masters 2019"]
[Site "Wijk aan Zee NED"]
[Date "2019.01.18"]
[Round "6"]
[White "Rapport, R."]
[Black "Kramnik, V."]
[Result "1/2-1/2"]
[WhiteElo "2731"]
[BlackElo "2777"]
[PlyCount "187"]
[EventDate "2019.01.11"]

1. e4 e5 2. Bc4 Nf6 3. d3 Bc5 4. Nc3 c6 5. Nf3 d6 6. h3 O-O 7. O-O Re8 8. Ne2
Nbd7 9. Ng3 Nf8 10. c3 Bb6 11. Bb3 Be6 12. a4 d5 13. Bg5 h6 14. Bxf6 Qxf6 15.
d4 Ng6 16. a5 Bc7 17. dxe5 Nxe5 18. Nd4 Rad8 19. f4 Qg6 20. Ngf5 Nd7 21. a6 Nc5
22. axb7 Nxe4 23. Qg4 Bxf5 24. Nxf5 Qxg4 25. hxg4 Nd2 26. Ba4 Bb6+ 27. Kh2
Nxf1+ 28. Rxf1 Re6 29. Bxc6 g6 30. Nxh6+ Kg7 31. Bxd5 Ree8 32. Bxf7 Re2 33. Bc4
Rxb2 34. Nf7 Rb8 35. Ng5 Bf2 36. Bd5 a5 37. Ra1 Rh8+ 38. Nh3 g5 39. fxg5 Bb6
40. Re1 Bc7+ 41. Kg1 Bd6 42. Ra1 Bg3 43. g6 a4 44. Kf1 Re8 45. Ng5 Re5 46. Ne4
Rxd5 47. Nxg3 Rdd2 48. Nf5+ Kf6 49. g7 Kf7 50. Re1 Rxb7 51. g5 Rd8 52. Ra1 Ra7
53. Ra3 Kg6 54. g4 Kxg5 55. c4 Rb8 56. Ke2 Ra6 57. Kd2 Rg8 58. Kc3 Kxg4 59. Nd4
Rxg7 60. Kb4 Rga7 61. Nb5 Ra8 62. Nc3 Rb8+ 63. Nb5 Rc8 64. Rxa4 Rxa4+ 65. Kxa4
Rxc4+ 66. Kb3 Rc8 67. Kb4 Kf4 68. Nd6 Rc6 69. Nb5 Ke4 70. Nc3+ Kd4 71. Nb5+ Kd3
72. Kb3 Rc4 73. Na3 Rc1 74. Kb4 Rh1 75. Nb5 Rh5 76. Nd6 Kd4 77. Nb5+ Kd5 78.
Nc3+ Kc6 79. Kc4 Rh4+ 80. Kd3 Kc5 81. Ne4+ Kd5 82. Nc3+ Ke5 83. Nb5 Rg4 84. Nc3
Rb4 85. Ne2 Kd6 86. Nc3 Rh4 87. Ne4+ Ke5 88. Nc3 Rd4+ 89. Ke3 Rd8 90. Ne2 Rh8
91. Kd3 Rh3+ 92. Kc4 Rh2 93. Kd3 Rxe2 94. Kxe2 1/2-1/2

[Event "Tata Steel Masters 2019"]
[Site "Wijk aan Zee NED"]
[Date "2019.01.19"]
[Round "7"]
[White "Fedoseev, Vl3"]
[Black "Carlsen, M."]
[Result "1/2-1/2"]
[WhiteElo "2724"]
[BlackElo "2835"]
[PlyCount "147"]
[EventDate "2019.01.11"]

1. d4 Nf6 2. c4 g6 3. Nc3 d5 4. Nf3 Bg7 5. h4 c6 6. cxd5 cxd5 7. Bf4 Nc6 8. e3
O-O 9. Qb3 Na5 10. Qa3 Nc4 11. Bxc4 dxc4 12. O-O Bd7 13. Ne5 b5 14. Qa6 Qc8 15.
Qa5 Qd8 16. Qxd8 Rfxd8 17. Nxd7 Nxd7 18. Nxb5 e5 19. dxe5 Nxe5 20. Rac1 a6 21.
Na3 Nd3 22. Rc2 Rac8 23. Bg5 Re8 24. Nxc4 h6 25. Bf4 Nb4 26. Rcc1 Nxa2 27. Ra1
Rxc4 28. Rxa2 Be5 29. b3 Rb4 30. Bxe5 Rxe5 31. Rxa6 Rxb3 32. Rd1 Rb4 33. Rd7
Kg7 34. Raa7 Rf5 35. f3 Rb2 36. e4 Rf4 37. e5 Re2 38. Re7 Rf5 39. e6 Kf8 40.
Rxf7+ Rxf7 41. Rxf7+ Kg8 42. Re7 Kf8 43. Rf7+ Kg8 44. h5 gxh5 45. Rf5 Rxe6 46.
Rxh5 Kg7 47. Kf2 Ra6 48. g4 Ra2+ 49. Kg3 Ra3 50. Rd5 Kf6 51. Kf4 Ra4+ 52. Ke3
Ra1 53. f4 Rg1 54. Rd6+ Kg7 55. Kf3 Re1 56. Rb6 Rg1 57. Re6 Ra1 58. Ke4 Ra4+
59. Kf5 Ra5+ 60. Re5 Ra7 61. Rd5 Rf7+ 62. Ke4 Re7+ 63. Kd4 Re1 64. Rd7+ Kf6 65.
Rd6+ Kg7 66. Kd5 Rg1 67. Ke6 Rxg4 68. Rd7+ Kg8 69. f5 Rf4 70. Kf6 Rf1 71. Rd8+
Kh7 72. Rd7+ Kg8 73. Rd8+ Kh7 74. Rd7+ 1/2-1/2

[Event "Tata Steel Masters 2019"]
[Site "Wijk aan Zee NED"]
[Date "2019.01.19"]
[Round "7"]
[White "Mamedyarov, S."]
[Black "Rapport, R."]
[Result "1/2-1/2"]
[WhiteElo "2817"]
[BlackElo "2731"]
[PlyCount "79"]
[EventDate "2019.01.11"]

1. d4 Nf6 2. Nf3 e6 3. c4 Bb4+ 4. Bd2 Qe7 5. g3 Nc6 6. Bg2 Bxd2+ 7. Qxd2 Ne4 8.
Qc2 Qb4+ 9. Kf1 f5 10. a3 Qe7 11. b4 O-O 12. Nc3 Nxc3 13. Qxc3 d6 14. e3 e5 15.
b5 exd4 16. Nxd4 Ne5 17. h3 Kh8 18. Kg1 Nd7 19. Kh2 Nc5 20. Rhe1 Be6 21. a4 a5
22. Nb3 Ne4 23. Qc2 Qf7 24. Rac1 Qg6 25. Nd2 Nxf2 26. Rf1 Ne4 27. Nxe4 fxe4 28.
Bxe4 Qh6 29. h4 Rab8 30. Bxb7 Rxf1 31. Rxf1 Qxe3 32. Bg2 Bg8 33. Rf4 Re8 34.
Bc6 Re6 35. Rf8 Rf6 36. Rxf6 gxf6 37. Qf5 Qe6 38. Qf2 Qe5 39. Qa7 d5 40. Bxd5
1/2-1/2

[Event "Tata Steel Masters 2019"]
[Site "Wijk aan Zee NED"]
[Date "2019.01.19"]
[Round "7"]
[White "Nepomniachtchi, I."]
[Black "Duda, J."]
[Result "1/2-1/2"]
[WhiteElo "2763"]
[BlackElo "2738"]
[PlyCount "129"]
[EventDate "2019.01.11"]

1. e4 e5 2. Nf3 Nf6 3. Nxe5 d6 4. Nf3 Nxe4 5. d4 d5 6. Bd3 Bf5 7. O-O Be7 8.
Re1 O-O 9. Nbd2 Nd6 10. Nb3 c6 11. Bf4 Bxd3 12. Qxd3 Ne4 13. Re2 Na6 14. Rae1
Nc7 15. Bxc7 Qxc7 16. Nbd2 Bb4 17. c3 Nxd2 18. Rxd2 Bd6 19. Ng5 g6 20. Qh3 h5
21. Rde2 Qc8 22. Qe3 Qf5 23. g3 Kg7 24. h4 Rad8 25. Kg2 a6 26. a4 Rd7 27. Qd2
Qg4 28. Qc2 Rdd8 29. a5 Qd7 30. Qb3 Qc7 31. Re6 Qd7 32. R6e3 Rb8 33. Nf3 Qc7
34. Qa2 Rbd8 35. b4 Qc8 36. Qe2 Qg4 37. Qd3 Qf5 38. Qxf5 gxf5 39. Ng5 Kg6 40.
Kf3 Rg8 41. R3e2 Kf6 42. Re3 Rh8 43. Kg2 Rhg8 44. Kf1 Rh8 45. Nf3 f4 46. gxf4
Kf5 47. Ne5 Rh7 48. Rg3 f6 49. Nd3 Rf8 50. Ree3 Rff7 51. Kg2 Re7 52. Rxe7 Rxe7
53. Kf3 Rf7 54. Rg8 Rh7 55. Rc8 Bc7 56. Re8 Bd6 57. Ra8 Bc7 58. Nc5 Bd6 59. Nd3
Bc7 60. Rf8 Bd6 61. Rg8 Bc7 62. Ra8 Bd6 63. Rg8 Bc7 64. Rg1 Re7 65. Rg8 1/2-1/2

[Event "Tata Steel Masters 2019"]
[Site "Wijk aan Zee NED"]
[Date "2019.01.19"]
[Round "7"]
[White "Giri, A."]
[Black "Ding Liren"]
[Result "1/2-1/2"]
[WhiteElo "2783"]
[BlackElo "2813"]
[PlyCount "58"]
[EventDate "2019.01.11"]

1. d4 Nf6 2. c4 e6 3. Nf3 d5 4. g3 Bb4+ 5. Bd2 Be7 6. Bg2 O-O 7. O-O c6 8. Qc2
Nbd7 9. Bf4 b6 10. Rd1 Ba6 11. cxd5 cxd5 12. Ne5 Nxe5 13. dxe5 Ng4 14. Bf3 f5
15. exf6 Nxf6 16. Qa4 Bb7 17. Nd2 Qe8 18. Qxe8 Rfxe8 19. Nc4 Ba6 20. Ne5 Rac8
21. Rdc1 Bd6 22. a3 g5 23. Ng4 Bxf4 24. Rxc8 Rxc8 25. Nxf6+ Kf7 26. Nxd5 Rc1+
27. Rxc1 Bxc1 28. Nb4 Bc4 29. Nd3 Bxd3 1/2-1/2

[Event "Tata Steel Masters 2019"]
[Site "Wijk aan Zee NED"]
[Date "2019.01.19"]
[Round "7"]
[White "Shankland, S."]
[Black "Van Foreest, Jorden"]
[Result "1-0"]
[WhiteElo "2725"]
[BlackElo "2612"]
[PlyCount "103"]
[EventDate "2019.01.11"]

1. c4 e5 2. d3 Nf6 3. Nf3 Nc6 4. a3 d5 5. cxd5 Nxd5 6. e3 a5 7. Be2 Bd6 8. b3
O-O 9. Bb2 f5 10. Nbd2 Qe7 11. Qc2 Bd7 12. g3 Kh8 13. O-O Rae8 14. Rfe1 e4 15.
Nd4 Nxd4 16. Bxd4 exd3 17. Qxd3 Bxa3 18. Bf3 Nb4 19. Qc3 Nc6 20. Bxg7+ Qxg7 21.
Qxg7+ Kxg7 22. Rxa3 f4 23. Be4 fxe3 24. Rxe3 Rf6 25. Ra1 Bf5 26. Rc1 Bxe4 27.
Rxe4 Rxe4 28. Nxe4 Rf5 29. Kg2 Kf7 30. Nc5 Nb4 31. Nxb7 Rxf2+ 32. Kxf2 Nd3+ 33.
Ke3 Nxc1 34. Nxa5 Ke6 35. g4 Na2 36. Kd4 Nb4 37. h4 Nd5 38. Nc4 Nf4 39. Ne3 Ng6
40. Nf5 Kf6 41. Ke4 Nf8 42. Ne3 c6 43. Nc4 Ng6 44. g5+ Ke7 45. h5 Nf8 46. Ne5
Ne6 47. Nxc6+ Kd6 48. Kf5 Ng7+ 49. Kg4 Kxc6 50. h6 Ne8 51. g6 Kd7 52. Kg5 1-0

[Event "Tata Steel Masters 2019"]
[Site "Wijk aan Zee NED"]
[Date "2019.01.20"]
[Round "8"]
[White "Carlsen, M."]
[Black "Rapport, R."]
[Result "1-0"]
[WhiteElo "2835"]
[BlackElo "2731"]
[PlyCount "79"]
[EventDate "2019.01.11"]

1. e4 c5 2. Nf3 e6 3. d4 cxd4 4. Nxd4 Nc6 5. Nc3 Qc7 6. g3 a6 7. Bg2 Nf6 8. O-O
d6 9. Nxc6 bxc6 10. Na4 Rb8 11. c4 c5 12. b3 Be7 13. Bb2 O-O 14. Qe1 Nd7 15.
Rd1 Bb7 16. Qc3 Bf6 17. Qd2 Be7 18. Qc3 Bf6 19. Qd2 Be7 20. f4 e5 21. Bc3 Bc6
22. Ba5 Qb7 23. Nc3 exf4 24. gxf4 Rfe8 25. e5 Bxg2 26. Qxg2 dxe5 27. Nd5 e4 28.
Bc3 f6 29. Kh1 Kh8 30. Rg1 Bf8 31. Ne3 Qc6 32. Rd5 Qe6 33. Rh5 Qf7 34. Qh3 g6
35. Rh4 Rb6 36. f5 Ne5 37. Nd5 Rd6 38. fxg6 Nxg6 39. Bxf6+ Rxf6 40. Rxh7+ 1-0

[Event "Tata Steel Masters 2019"]
[Site "Wijk aan Zee NED"]
[Date "2019.01.20"]
[Round "8"]
[White "Van Foreest, Jorden"]
[Black "Radjabov, T."]
[Result "1/2-1/2"]
[WhiteElo "2612"]
[BlackElo "2757"]
[PlyCount "33"]
[EventDate "2019.01.11"]

1. e4 e5 2. Nf3 Nc6 3. Bc4 Bc5 4. c3 Nf6 5. d3 O-O 6. O-O d6 7. Re1 a6 8. a4 h6
9. Nbd2 Ba7 10. h3 Re8 11. b4 Be6 12. Bxe6 Rxe6 13. Qc2 Qd7 14. Rb1 Rd8 15. b5
Ne7 16. Nc4 Ng6 17. b6 1/2-1/2

[Event "Tata Steel Masters 2019"]
[Site "Wijk aan Zee NED"]
[Date "2019.01.20"]
[Round "8"]
[White "Ding Liren"]
[Black "Nepomniachtchi, I."]
[Result "1/2-1/2"]
[WhiteElo "2813"]
[BlackElo "2763"]
[PlyCount "34"]
[EventDate "2019.01.11"]

1. d4 Nf6 2. c4 g6 3. Nf3 Bg7 4. g3 c6 5. Bg2 d5 6. Qb3 O-O 7. O-O Qb6 8. Nc3
Rd8 9. Bd2 dxc4 10. Qxc4 Be6 11. Qa4 Bf5 12. Rfe1 Ne4 13. Nxe4 Bxe4 14. Ba5 Qa6
15. Qa3 Re8 16. Bf1 c5 17. dxc5 Bxb2 1/2-1/2

[Event "Tata Steel Masters 2019"]
[Site "Wijk aan Zee NED"]
[Date "2019.01.20"]
[Round "8"]
[White "Vidit, S."]
[Black "Giri, A."]
[Result "1/2-1/2"]
[WhiteElo "2695"]
[BlackElo "2783"]
[PlyCount "72"]
[EventDate "2019.01.11"]

1. d4 Nf6 2. c4 e6 3. Nc3 d5 4. Bg5 Be7 5. e3 h6 6. Bh4 O-O 7. Rc1 dxc4 8. Bxc4
c5 9. Nf3 cxd4 10. exd4 Nc6 11. O-O Nh5 12. Bxe7 Nxe7 13. d5 exd5 14. Bxd5 Nxd5
15. Nxd5 Nf6 16. Nc7 Qxd1 17. Rfxd1 Rb8 18. h3 Bf5 19. Nd5 Nxd5 20. Rxd5 Be4
21. Rd4 Rfe8 22. Rc7 Rbd8 23. b4 Rd5 24. Rxd5 Bxd5 25. b5 a6 26. a4 axb5 27.
axb5 Bxf3 28. gxf3 b6 29. Rb7 Re6 30. Rb8+ Kh7 31. Rb7 Kg6 32. Kg2 Kf6 33. f4
g6 34. Kf3 Rd6 35. h4 Ke6 36. Ke4 f5+ 1/2-1/2

[Event "Tata Steel Challengers 2019"]
[Site "Wijk aan Zee NED"]
[Date "2019.01.19"]
[Round "7"]
[White "Van Foreest, Lucas"]
[Black "Maghsoodloo, Parham"]
[Result "1/2-1/2"]
[WhiteElo "2502"]
[BlackElo "2679"]
[PlyCount "94"]
[EventDate "2019.01.12"]

1. e4 g6 2. d4 Bg7 3. Nf3 d6 4. Nc3 Nc6 5. Be2 Nf6 6. O-O O-O 7. h3 a6 8. Be3
e6 9. Qc1 b5 10. a3 Bb7 11. Rd1 Ne7 12. Nd2 Qe8 13. Bd3 Nd7 14. Nb3 f5 15. f3
fxe4 16. fxe4 Rc8 17. a4 c6 18. axb5 cxb5 19. Qd2 Nc6 20. Ne2 Qe7 21. c3 Nf6
22. Bg5 e5 23. d5 Nd8 24. Na5 Nf7 25. Be3 Nh5 26. Rf1 Nf4 27. Nxf4 exf4 28.
Bxf4 Ne5 29. Be2 Rce8 30. Rae1 Qc7 31. Nb3 Bc8 32. Nd4 Bd7 33. Kh1 Qc8 34. Qe3
Re7 35. Bg3 Rxf1+ 36. Rxf1 Qe8 37. Nf3 Ng4 38. Qb6 Rxe4 39. Bd3 Ne3 40. Rg1 Nf5
41. Bf2 Rf4 42. Qxa6 b4 43. Bxf5 Rxf5 44. Qxd6 bxc3 45. bxc3 Bf8 46. Qb6 Qf7
47. Qe3 Qxd5 1/2-1/2

[Event "Tata Steel Challengers 2019"]
[Site "Wijk aan Zee NED"]
[Date "2019.01.19"]
[Round "7"]
[White "Esipenko, Andrey"]
[Black "Korobov, Anton"]
[Result "1-0"]
[WhiteElo "2584"]
[BlackElo "2699"]
[PlyCount "81"]
[EventDate "2019.01.12"]

1. d4 d5 2. c4 c6 3. Nf3 Nf6 4. Nc3 e6 5. Bg5 h6 6. Bh4 dxc4 7. e4 g5 8. Bg3 b5
9. Be2 Bb7 10. Ne5 Nbd7 11. O-O Bg7 12. Nxf7 Kxf7 13. e5 Nd5 14. Ne4 Qb6 15.
Nd6+ Ke7 16. a4 a5 17. Bf3 Rhf8 18. Bxd5 cxd5 19. axb5 Rf5 20. Kh1 Kf8 21. f4
Kg8 22. Nxf5 exf5 23. fxg5 Nf8 24. gxh6 Qxh6 25. Rxf5 Bc8 26. Rf1 Be6 27. Qe1
Qg6 28. Qd2 Nd7 29. Bh4 Bh6 30. Qe1 Qe4 31. Qf2 Kh7 32. Ra3 Rf8 33. Bf6 Nxf6
34. exf6 Bg5 35. b6 Rxf6 36. Rf3 Rxf3 37. Qxf3 Qxd4 38. Qg3 Bf6 39. b7 Be5 40.
b8=Q Bxg3 41. hxg3 1-0

[Event "Tata Steel Challengers 2019"]
[Site "Wijk aan Zee NED"]
[Date "2019.01.19"]
[Round "7"]
[White "Saduakassova, Dinara"]
[Black "L'Ami, Erwin"]
[Result "1/2-1/2"]
[WhiteElo "2472"]
[BlackElo "2643"]
[PlyCount "115"]
[EventDate "2019.01.12"]

1. d4 f5 2. c4 Nf6 3. Nc3 e6 4. Qc2 Bb4 5. e3 b6 6. Bd3 Bb7 7. f3 Nh5 8. Nge2
Qh4+ 9. g3 Bxc3+ 10. bxc3 Qe7 11. O-O Nf6 12. c5 O-O 13. e4 fxe4 14. fxe4 Nc6
15. Ba3 Ng4 16. Qd2 Rxf1+ 17. Rxf1 Rf8 18. Rf4 Nh6 19. Rxf8+ Qxf8 20. Qf4 Qxf4
21. Nxf4 Nb8 22. Kg2 Ng4 23. h3 Nf6 24. Kf3 Kf7 25. Ke3 g5 26. Ne2 Na6 27. cxb6
axb6 28. e5 Nd5+ 29. Kd2 h6 30. Be4 Bc6 31. c4 Ne7 32. Bxc6 dxc6 33. Kd3 c5 34.
dxc5 bxc5 35. Ke4 Nc6 36. Nc3 Na5 37. Na4 Nb4 38. Nxc5 Nxa2 39. Kd3 Nc6 40. Kc2
Nxe5 41. Kb3 h5 42. Bb2 Nf3 43. Kxa2 Ng1 44. Be5 c6 45. Nb7 Nxh3 46. Nd8+ Kg6
47. Nxc6 Nf2 48. Kb3 Kf5 49. Bb8 h4 50. gxh4 gxh4 51. Nd4+ Kf6 52. Nf3 h3 53.
Kc3 Ng4 54. Kd4 Kf5 55. Bg3 e5+ 56. Kc3 Ne3 57. Bh2 e4 58. Ng1 1/2-1/2

[Event "Tata Steel Challengers 2019"]
[Site "Wijk aan Zee NED"]
[Date "2019.01.19"]
[Round "7"]
[White "Gledura, Benjamin"]
[Black "Keymer, Vincent"]
[Result "1-0"]
[WhiteElo "2615"]
[BlackElo "2500"]
[PlyCount "65"]
[EventDate "2019.01.12"]

1. Nf3 d5 2. g3 c6 3. Bg2 Nf6 4. O-O Bg4 5. d4 e6 6. h3 Bh5 7. c4 Nbd7 8. cxd5
cxd5 9. Nc3 Be7 10. Ne5 O-O 11. g4 Bg6 12. f4 Bd6 13. Qb3 Nb6 14. a4 Rc8 15. f5
exf5 16. gxf5 Bh5 17. Bg5 Re8 18. a5 Nc4 19. Nxd5 Nxe5 20. dxe5 Rxe5 21. e4 h6
22. Bxf6 gxf6 23. Nf4 Rxa5 24. Nxh5 Rxa1 25. Rxa1 Be5 26. Kh1 Qd2 27. Qd1 Qxd1+
28. Rxd1 Kf8 29. Bf1 Rc2 30. Rd7 Rxb2 31. Bc4 b5 32. Rxf7+ Ke8 33. Be6 1-0

[Event "Tata Steel Challengers 2019"]
[Site "Wijk aan Zee NED"]
[Date "2019.01.19"]
[Round "7"]
[White "Chigaev, Maksim"]
[Black "Paehtz, Elisabeth"]
[Result "1-0"]
[WhiteElo "2604"]
[BlackElo "2477"]
[PlyCount "101"]
[EventDate "2019.01.12"]

1. e4 c5 2. Nf3 d6 3. d4 Nf6 4. Nc3 cxd4 5. Nxd4 a6 6. h3 g6 7. g4 Bg7 8. Bg2
h5 9. g5 Nfd7 10. Nde2 Nc6 11. f4 Nb6 12. O-O e6 13. e5 dxe5 14. Bxc6+ bxc6 15.
Qxd8+ Kxd8 16. fxe5 Bxe5 17. Rxf7 Ke8 18. Rf2 Nd5 19. Bd2 Rf8 20. Rxf8+ Kxf8
21. Na4 Rb8 22. c4 Nb6 23. Rf1+ Kg7 24. Nxb6 Rxb6 25. b3 Rb7 26. h4 Rf7 27. Bc3
Bxc3 28. Nxc3 Rxf1+ 29. Kxf1 Kf7 30. Ne4 Ke7 31. Ke2 e5 32. b4 Bg4+ 33. Kd3 Bf5
34. a3 Bc8 35. Nc5 Kd6 36. Ke3 Kc7 37. Ne4 Bh3 38. Nd2 Kd6 39. Kd3 Bg4 40. Ne4+
Kc7 41. Nc5 Bc8 42. a4 Kd6 43. Kc3 Kc7 44. b5 cxb5 45. cxb5 axb5 46. axb5 Bf5
47. Kc4 Kb6 48. Na4+ Ka5 49. Nc3 e4 50. Kd4 Kb6 51. Nxe4 1-0

[Event "Tata Steel Challengers 2019"]
[Site "Wijk aan Zee NED"]
[Date "2019.01.19"]
[Round "7"]
[White "Bareev, Evgeny"]
[Black "Kovalev, Vladislav"]
[Result "1/2-1/2"]
[WhiteElo "2650"]
[BlackElo "2687"]
[PlyCount "51"]
[EventDate "2019.01.12"]

1. d4 Nf6 2. c4 e6 3. Nf3 Bb4+ 4. Nbd2 O-O 5. a3 Be7 6. e3 d5 7. Bd3 b6 8. O-O
Nbd7 9. b3 Bb7 10. Bb2 c5 11. cxd5 exd5 12. Qe2 Re8 13. Rfd1 a6 14. Ne5 Bd6 15.
Nxd7 Nxd7 16. Nf3 Qe7 17. h3 g6 18. dxc5 bxc5 19. b4 d4 20. bxc5 Nxc5 21. Bxd4
Nb3 22. Ra2 Bxa3 23. Bc4 Nxd4 24. Rxd4 Bc5 25. Rf4 Rf8 26. Bxa6 1/2-1/2

[Event "Tata Steel Challengers 2019"]
[Site "Wijk aan Zee NED"]
[Date "2019.01.19"]
[Round "7"]
[White "Praggnanandhaa, R."]
[Black "Kuipers, Stefan"]
[Result "1-0"]
[WhiteElo "2539"]
[BlackElo "2470"]
[PlyCount "45"]
[EventDate "2019.01.12"]

1. e4 e6 2. d4 d5 3. Nc3 Nf6 4. e5 Nfd7 5. f4 c5 6. Nf3 Nc6 7. Be3 a6 8. Qd2 b5
9. dxc5 Bxc5 10. Bd3 Qb6 11. Bf2 h6 12. O-O O-O 13. a3 Ra7 14. h3 f6 15. exf6
Nxf6 16. Rae1 Nh5 17. Ne2 b4 18. axb4 Bxf2+ 19. Rxf2 Nxb4 20. Bg6 Nf6 21. Ned4
Re7 22. Ne5 Nd7 23. c3 1-0

[Event "Tata Steel Challengers 2019"]
[Site "Wijk aan Zee NED"]
[Date "2019.01.20"]
[Round "8"]
[White "Korobov, Anton"]
[Black "Kovalev, Vladislav"]
[Result "1/2-1/2"]
[WhiteElo "2699"]
[BlackElo "2687"]
[PlyCount "64"]
[EventDate "2019.01.12"]

1. d4 Nf6 2. c4 g6 3. Nc3 Bg7 4. e4 d6 5. Nf3 O-O 6. Be2 e5 7. O-O exd4 8. Nxd4
Re8 9. f3 c6 10. Kh1 Nh5 11. g4 Nf6 12. Bf4 h5 13. Nf5 gxf5 14. gxf5 d5 15.
cxd5 cxd5 16. e5 Bxf5 17. exf6 Qxf6 18. Nxd5 Qxb2 19. Ne7+ Rxe7 20. Qd8+ Bf8
21. Rg1+ Bg4 22. fxg4 Nd7 23. gxh5+ Kh8 24. Qxa8 Rxe2 25. Rae1 Rxe1 26. Rxe1
Qf2 27. Bg3 Qf3+ 28. Kg1 Kh7 29. Rf1 Bc5+ 30. Bf2 Qg4+ 31. Kh1 Qe4+ 32. Kg1
Qg4+ 1/2-1/2

[Event "Tata Steel Challengers 2019"]
[Site "Wijk aan Zee NED"]
[Date "2019.01.20"]
[Round "8"]
[White "Kuipers, Stefan"]
[Black "Chigaev, Maksim"]
[Result "0-1"]
[WhiteElo "2470"]
[BlackElo "2604"]
[PlyCount "90"]
[EventDate "2019.01.12"]

1. e4 e5 2. Nf3 Nc6 3. Bc4 Bc5 4. c3 Nf6 5. d3 a6 6. O-O d6 7. Bg5 h6 8. Bh4
Ba7 9. Nbd2 Qe7 10. b4 g5 11. Bg3 Nh7 12. d4 h5 13. h4 g4 14. Ne1 exd4 15. cxd4
Bxd4 16. Nd3 Bxa1 17. Qxa1 O-O 18. Nf4 Qf6 19. Qc1 Be6 20. Bd5 Bxd5 21. Nxd5
Qg7 22. Ne3 Nd4 23. Qc4 b5 24. Qd3 Rad8 25. Nb3 c5 26. Nxd4 Qxd4 27. Qxd4 cxd4
28. Nf5 Rfe8 29. f3 gxf3 30. gxf3 d5 31. e5 f6 32. f4 fxe5 33. fxe5 Nf8 34.
Nh6+ Kg7 35. Nf5+ Kh7 36. Nd6 Re7 37. Nf7 Rdd7 38. Ng5+ Kg8 39. Rf6 Nh7 40.
Rxa6 Nxg5 41. hxg5 Ra7 42. Rd6 Rxa2 43. e6 d3 44. Rd8+ Kh7 45. Rd7 Rxd7 0-1

[Event "Tata Steel Challengers 2019"]
[Site "Wijk aan Zee NED"]
[Date "2019.01.20"]
[Round "8"]
[White "Maghsoodloo, Parham"]
[Black "Gledura, Benjamin"]
[Result "1/2-1/2"]
[WhiteElo "2679"]
[BlackElo "2615"]
[PlyCount "133"]
[EventDate "2019.01.12"]

1. Nf3 d5 2. b3 Nf6 3. Bb2 Bg4 4. e3 e6 5. h3 Bh5 6. c4 Nbd7 7. Be2 c6 8. O-O
Bd6 9. cxd5 cxd5 10. Nc3 a6 11. d3 O-O 12. a3 Rc8 13. Rc1 Qe7 14. b4 Bb8 15. g3
h6 16. Nh4 Bxe2 17. Qxe2 Rc6 18. e4 dxe4 19. Nxe4 Rfc8 20. Nf5 Qd8 21. Rxc6
Rxc6 22. Nd4 Rc7 23. Nb3 Ba7 24. Kg2 Nd5 25. Rc1 Rxc1 26. Bxc1 Ne5 27. Nec5
Bxc5 28. Nxc5 Qc7 29. d4 Nd7 30. Bd2 Qc6 31. Kg1 N7f6 32. a4 Ne7 33. b5 axb5
34. axb5 Qd5 35. Qe5 Nf5 36. Qxd5 Nxd5 37. Nxb7 Nxd4 38. Kg2 Nxb5 39. g4 Nd4
40. Nc5 Kh7 41. Nd3 g5 42. f3 f6 43. Kf2 Kg6 44. f4 Nb3 45. Be3 Na5 46. Kf3
Nxe3 47. Kxe3 Nc6 48. Kf3 Kf7 49. Kg3 Nd4 50. fxg5 hxg5 51. h4 gxh4+ 52. Kxh4
e5 53. Nc5 Ne6 54. Ne4 Ke7 55. Kh5 Nf4+ 56. Kh4 Ke6 57. Kg3 Nd5 58. Kf3 Ne7 59.
Nc5+ Kf7 60. Ne4 Kg6 61. Nd6 Ng8 62. Ne4 Nh6 63. Kg3 Nxg4 64. Kxg4 f5+ 65. Kf3
fxe4+ 66. Kxe4 Kf7 67. Kxe5 1/2-1/2

[Event "Tata Steel Challengers 2019"]
[Site "Wijk aan Zee NED"]
[Date "2019.01.20"]
[Round "8"]
[White "L'Ami, Erwin"]
[Black "Bareev, Evgeny"]
[Result "1-0"]
[WhiteElo "2643"]
[BlackElo "2650"]
[PlyCount "77"]
[EventDate "2019.01.12"]

1. d4 d5 2. c4 c6 3. Nf3 Nf6 4. Nc3 dxc4 5. a4 Bf5 6. e3 e6 7. Bxc4 Bb4 8. O-O
O-O 9. Qe2 Nbd7 10. e4 Bg6 11. Bd3 h6 12. Bb1 Be7 13. a5 b5 14. e5 Nd5 15. Nxd5
cxd5 16. Bxg6 fxg6 17. Qxb5 Rb8 18. Qd3 Kf7 19. Ne1 Qc7 20. Qf3+ Kg8 21. Qg4
Kf7 22. Nd3 Qc2 23. Nf4 Qf5 24. Qe2 g5 25. g4 Qh7 26. Nxd5 exd5 27. e6+ Kg8 28.
exd7 Qe4 29. Re1 Qxe2 30. Rxe2 Bf6 31. Re6 Rfd8 32. Rd6 Rb5 33. Bd2 Rxb2 34.
Be3 Rb5 35. Rc1 Be7 36. Rc8 Kf7 37. a6 Ra5 38. Kg2 Rb5 39. Bd2 1-0